| 000 | 01012nam a22001937a 4500 | ||
|---|---|---|---|
| 001 | K121127 | ||
| 008 | 160218b2019 xxu||||| |||| 00| 0 eng d | ||
| 041 | _aeng | ||
| 110 | _aRoyal Institution of Chartered Surveyors | ||
| 245 | _aValuation of flexible workspace | ||
| 260 |
_aLondon, _bRICS, _cOctober 2019 |
||
| 490 | _aRICS Insight Paper | ||
| 520 | _aProvides insight and comment from key stakeholders with interests in the flexible workspace market. Defines the concept of flexible workspace as real estate space of varying size provided for business or institutional purposes for varying periods of time, usually for shorter periods and with more inclusive benefits than a traditional lease. | ||
| 650 | _aFlexible workspace | ||
| 651 | _aUnited Kingdom | ||
| 690 |
_96227 _aCommercial property |
||
| 856 |
_uhttps://www.rics.org/globalassets/rics-website/media/knowledge/research/insights/valuation-of-flexible-workspace.pdf _zView the guidance free of charge at rics.org |
||
| 942 | _n0 | ||
| 999 |
_c121127 _d121127 |
||